An alternative approach to allergies : (Record no. 12948)
[ view plain ]
| 000 -LEADER | |
|---|---|
| fixed length control field | 00625cam a2200205Ia 4500 |
| 020 ## - INTERNATIONAL STANDARD BOOK NUMBER | |
| ISBN | 0060158883 : |
| 040 ## - CATALOGING SOURCE | |
| Transcribing agency | CNB |
| 082 ## - DEWEY DECIMAL CLASSIFICATION NUMBER | |
| Classification number | 616 HAR 1989 A044 Or. |
| 100 10 - MAIN ENTRY--AUTHOR NAME | |
| Personal name | Randolph, Theron G |
| 245 13 - TITLE STATEMENT | |
| Title | An alternative approach to allergies : |
| Remainder of title | the new field of clinical ecology unravels the environmental causes of mental and physical ills / |
| 250 ## - EDITION STATEMENT | |
| Edition statement | Rev. ed |
| 260 0# - PUBLICATION, DISTRIBUTION, ETC. (IMPRINT) | |
| Place of publication | New York, N.Y. : |
| Name of publisher | Harper & Row, |
| Year of publication | c1989 |
| 300 ## - PHYSICAL DESCRIPTION | |
| Number of Pages | viii, 337 p. ; |
| Dimensions | 25 cm |
| 500 ## - GENERAL NOTE | |
| General note | Includes index |
| 650 #0 - SUBJECT ADDED ENTRY--TOPICAL TERM | |
| Topical Term | Allergy |
| 650 #0 - SUBJECT ADDED ENTRY--TOPICAL TERM | |
| Topical Term | Allergy |
| 650 #0 - SUBJECT ADDED ENTRY--TOPICAL TERM | |
| Topical Term | Environmentally induced diseases |
| 700 10 - ADDED ENTRY--PERSONAL NAME | |
| Personal name | Moss, Ralph W |
| 942 ## - ADDED ENTRY ELEMENTS (KOHA) | |
| Koha item type | សៀវភៅភាសាអង់គ្លេស |
| 952 ## - LOCATION AND ITEM INFORMATION (KOHA) | |
| Withdrawn status [LOCAL, KOHA] | 0 |
| Permanent Location | Date acquired | Koha item type | Lost status | Shelving location | Barcode | Current Location | Full call number |
|---|---|---|---|---|---|---|---|
| Library Block A | 2017-08-18 | សៀវភៅភាសាអង់គ្លេស | A044 | A18883 | Library Block A | 616 HAR 1989 A044 Or. |